00262nam a2200097 a 450000500170000000800410001705000170005810000240007524500280009926000370012720140414131923.0101023s19uu xx 00 eng d aERbW55 1967 aWeiss, George David aWhat a wonderful world. aNew York :bScholastic ,c1967.